Foreigners in The United Kingdom by Country of Birth - Statistics

General Stats
  • This quiz has been taken 868 times
  • The average score is 17 of 24
Answer Stats
Hint Answer % Correct
729,000 India
97%
217,000 United States
95%
136,000 France
94%
304,000 Germany
93%
465,000 Pakistan
93%
91,000 Hong Kong
91%
646,000 Poland
91%
90,000 Canada
90%
106,000 China
90%
110,000 Australia
89%
403,000 Ireland
87%
133,000 Italy
86%
209,000 South Africa
76%
234,000 Bangladesh
74%
180,000 Nigeria
72%
101,000 Romania
69%
90,000 Portugal
66%
142,000 Kenya
52%
145,000 Jamaica
47%
131,000 Sri Lanka
47%
124,000 Philippines
41%
91,000 Somalia
41%
130,000 Lithuania
37%
113,000 Zimbabwe
30%
No matching quizzes found
Score Distribution
Percent of People with Each Score
Percentile by Number Answered
Your Score History
You have not taken this quiz